Opúsculo que publica la Junta de Comercio de esta plaza : con relacion á los actos de oposicion á las dos nuevas Cátedras que há establecido en su Academia de Enseñanza Gratuita, é inaguracion [sic] de ellas, en el cual se contienen discursos luminosos y de recomendables doctrinas para el desarrollo del comercio, fuente de felicidad. (Record no. 181568)
[ view plain ]
| 000 -LEADER | |
|---|---|
| campo de control de longitud fija | 01137nam a2200205 i 4500 |
| 001 - NÚMERO DE CONTROL | |
| campo de control | 181568 |
| 003 - IDENTIFICADOR DE NÚMERO DE CONTROL | |
| campo de control | ES-MaACL |
| 005 - FECHA Y HORA DE LA ÚLTIMA TRANSACCIÓN | |
| campo de control | 20250901104848.0 |
| 008 - DATOS DE LONGITUD FIJA--INFORMACIÓN GENERAL | |
| campo de control de longitud fija | 130215s1837 sp |||| | spa d |
| 245 00 - MENCIÓN DEL TÍTULO | |
| Título | Opúsculo que publica la Junta de Comercio de esta plaza : con relacion á los actos de oposicion á las dos nuevas Cátedras que há establecido en su Academia de Enseñanza Gratuita, é inaguracion [sic] de ellas, en el cual se contienen discursos luminosos y de recomendables doctrinas para el desarrollo del comercio, fuente de felicidad. |
| 260 ## - PUBLICACIÓN, DISTRIBUCIÓN, ETC. | |
| Lugar de publicación, distribución, etc. | Cádiz : |
| Nombre del editor, distribuidor, etc. | [s.n.], |
| Fecha de publicación, distribución, etc. | 1837 ( |
| Fabricante | Imprenta de la Casa de Misericordia á cargo de D. M. Quesada) |
| 300 ## - DESCRIPCIÓN FÍSICA | |
| Extensión | 49 p. ; |
| Dimensiones | 21 cm. |
| 597 ## - NOTA DE DESCRIPCIÓN FÍSICA | |
| NOTA DE DESCRIPCIÓN FÍSICA | Error en la impresión, la página 49 duplicada. |
| 650 #7 - PUNTO DE ACCESO ADICIONAL DE MATERIA--TÉRMINO DE MATERIA | |
| Término de materia o nombre geográfico como elemento de entrada | Comercio- |
| Subdivisión general | Estudio y enseñanza- |
| Subdivisión geográfica | Cádiz |
| Fuente del encabezamiento o término | |
| 9 (RLIN) | 152268 |
| 852 ## - LOCALIZACIÓN | |
| Ubicación | ES-MaACL |
| Número de control de estantería | Z-1-F-5 |
| Nota libre | .- Dedicatoria manuscrita parcialmente tachada de A. Llorente |
| Encuadernación | Olim: 1515-F-7 |
| 852 ## - LOCALIZACIÓN | |
| Ubicación | ES-MaACL |
| Número de control de estantería | T-371-F-10 |
| Ubicación en estantería | Depósito folletos |
| 856 ## - LOCALIZACIÓN Y ACCESO ELECTRÓNICOS | |
| Identificador Uniforme de Recursos | <a href="https://patrimoniodigital.ucm.es/s/patrimonio/item/664857">https://patrimoniodigital.ucm.es/s/patrimonio/item/664857</a> |
| Estado de acceso | Versión digital en línea |
| 942 ## - ELEMENTOS DE ENTRADA SECUNDARIOS (KOHA) | |
| Fuente del sistema de clasificación o colocación | Clasificación decimal universal |
| Estatus retirado | Estado de pérdida | Estado de daño | No para préstamo | Colección | Biblioteca de origen | Biblioteca actual | Ubicación en estantería | Fecha de adquisición | Fuente de adquisición | Total de préstamos | Signatura topográfica completa | Código de barras | Visto por última vez | Precio de reemplazo | Tipo de ítem Koha |
|---|---|---|---|---|---|---|---|---|---|---|---|---|---|---|---|
| Libros del s. XIX | Biblioteca del Ateneo de Madrid | Biblioteca del Ateneo de Madrid | Depósito Z | 15/02/2013 | Z-1-F-5 | 1190812 | 23/02/2023 | 23/02/2023 | Libro impreso antiguo | ||||||
| Colección de folletos | Biblioteca del Ateneo de Madrid | Biblioteca del Ateneo de Madrid | Depósito folletos | 01/07/2005 | T-371-F-10 | 1202236 | 23/02/2023 | 23/02/2023 | Folleto |
